| 000 | 00885nam a2200193 a 4500 | ||
|---|---|---|---|
| 008 | 160926s2014 ||||||||||||||||| || u | ||
| 050 | _aCBU-PG THESIS/MUN | ||
| 100 | _aMunene, Hyden | ||
| 245 | 1 | 0 |
_aAssessment of the effectiveness of election administration and promotion of electoral values in Zambia from 1991 to 2011 _cby Hyden Munene |
| 260 |
_aKitwe _bCopperbelt University _c2014 |
||
| 300 | _axiii, 123p. | ||
| 500 | _aBibliography | ||
| 650 | _aELECTION MONITORING | ||
| 650 | _aELECTION ADMINISTRATION--ZAMBIA | ||
| 650 | _aPOLITICAL ADMINISTRATION | ||
| 650 | _aELECTIONS--ZAMBIA | ||
| 995 |
_aSPECIAL COLLECTIONS _e746610 _FCBU-MAIN LIBRARY (Kitwe) _jCBU-PG THESIS/MUN _M1 _UAVAILABLE _WSep 26, 2016 _y746610 _ZUniversity Collection |
||
| 995 |
_aSPECIAL COLLECTIONS _e4488 _FCBU-MAIN LIBRARY (Kitwe) _jCBU-PG THESIS/MUN _M2 _UAVAILABLE _WJun 8, 2021 _yB4488 _ZUniversity Collection |
||
| 999 |
_c84409 _d84409 |
||